Normal view
MARC view
Entry Personal Name
001 - CONTROL NUMBER
- control field: 232
003 - CONTROL NUMBER IDENTIFIER
- control field: pouhg
005 - DATE AND TIME OF LATEST TRANSACTION
- control field: 20111211072527.0
008 - FIXED-LENGTH DATA ELEMENTS
- fixed length control field: 111211|||a|||||| | ||| d
040 ## - CATALOGING SOURCE
- Original cataloging agency: pouhg
- Transcribing agency: pouhg
100 ## - HEADING--PERSONAL NAME
- Personal name: Gray, Peta
670 ## - SOURCE DATA FOUND
- Source citation: Work cat.: (pouhg): Teeler, Dede, How to use the internet in ELT, c2000.